|
|
|
|
| LEADER |
01124nam a22002417a 4500 |
| 001 |
AAL8567 |
| 003 |
BD-DhAAL |
| 005 |
20190313164217.0 |
| 008 |
160328s 2011bg ||||| |||| 00| 0 ben d |
| 999 |
|
|
|c 37241
|d 37241
|
| 020 |
|
|
|a 9789845040464
|
| 040 |
|
|
|a BD-DhAAL
|c BD-DhAAL
|
| 082 |
|
|
|a 891.4414
|
| 100 |
|
|
|a খানম, মোবাশ্বেরা
|9 18833
|
| 245 |
|
|
|a রবীন্দ্রনাথ :
|b নারীভাবনা /
|c মোবাশ্বেরা খানম
|
| 260 |
|
|
|a ঢাকা :
|b মূর্ধণ্য,
|c ২০১১
|
| 300 |
|
|
|a ৮০ পৃ. ;
|c ২১ সে.মি.
|
| 541 |
|
|
|e 8562
|
| 600 |
|
|
|a Tagore, Rabindranath,
|9 18830
|d 1861-1941.
|
| 852 |
|
|
|a Savar Campus Library
|c General Shelf
|
| 942 |
|
|
|2 ddc
|c BK
|
| 952 |
|
|
|0 0
|1 0
|2 ddc
|4 0
|6 891_000000000000000__4414_KHA
|7 0
|9 58537
|a SCL
|b SCL
|c GEN
|d 2016-03-28
|e Gift: BLC, Savar
|g 120.00
|l 0
|o 891.4414 KHA
|p 3020008562
|r 2016-03-28
|t 1
|w 2016-03-28
|y BK
|
| 952 |
|
|
|0 0
|1 0
|2 ddc
|4 0
|6 891_000000000000000__4414_KHA
|7 0
|9 62847
|a SCL
|b SCL
|c GEN
|d 2018-03-12
|e Gift: BLC, Savar
|g 120.00
|l 1
|o 891.4414 KHA
|p 3020009594
|r 2026-02-05
|s 2026-01-31
|t 2
|w 2018-03-12
|y BK
|